000 00379nam a2200121 4500
999 _c13673
_d13673
008 190401b ||||| |||| 00| 0 eng d
100 _938046
_aRamirez, Robertzon
245 _aFood poisoning downs 107 in Muntinlupa/
_cRobertzon Ramirez
260 _aPhilippines:
_bThe Philippine Star;
_cc2018.
300 _apage 13.
650 0 _938047
_aPoison and poisoning.
942 _2ddc
_cPER